Normal view
MARC view
Entry Personal Name
001 - CONTROL NUMBER
- control field: 820105
003 - CONTROL NUMBER IDENTIFIER
- control field: OSt
005 - DATE AND TIME OF LATEST TRANSACTION
- control field: 20250904162153.0
008 - FIXED-LENGTH DATA ELEMENTS
- fixed length control field: 250904|| aca||aabn | a|a d
040 ## - CATALOGING SOURCE
- Original cataloging agency: OSt
- Transcribing agency: OSt
100 ## - HEADING--PERSONAL NAME
- Personal name: कपूर, पुष्पलता
670 ## - SOURCE DATA FOUND
- Source citation: Work cat.: (OSt)1435194: कपूर, पुष्पलता, गुणीभूतव्यंग्य का शास्त्रीय अध्ययन हिन्दी काव्य शास्त्र के परिप्रेक्ष्य में, 1990.
